La gran crisis financiera : (Registro nro. 5545)

Detalles MARC
000 -LEADER
fixed length control field 01502nam a2200349Ia 4500
003 - CONTROL NUMBER IDENTIFIER
control field OSt
005 - DATE AND TIME OF LATEST TRANSACTION
control field 20200701202058.0
008 - FIXED-LENGTH DATA ELEMENTS--GENERAL INFORMATION
fixed length control field 191128s2009 sp a gr 000 0dspa d
020 ## - INTERNATIONAL STANDARD BOOK NUMBER
International Standard Book Number 9788437506395
040 04 - CATALOGING SOURCE
Original cataloging agency CO-JMCR
Transcribing agency CO-JMCR
041 1# - LANGUAGE CODE
Language code of text/sound track or separate title spa
Language code of original eng
082 04 - DEWEY DECIMAL CLASSIFICATION NUMBER
Classification number 330.9 /
Item number B244g
Edition number 23
100 1# - MAIN ENTRY--PERSONAL NAME
Personal name Bellamy Foster, John,
Relator term autor
9 (RLIN) 6437
245 13 - TITLE STATEMENT
Title La gran crisis financiera :
Remainder of title causas y consecuencias /
Statement of responsibility, etc. John Bellamy Foster y Fred Magdoff ; prólogo de Ernesto Ekaiser ; traducción de Asunción Renau
250 ## - EDITION STATEMENT
Edition statement Primera edición
260 ## - PUBLICATION, DISTRIBUTION, ETC.
Place of publication, distribution, etc. Madrid :
Name of publisher, distributor, etc. Fondo de Cultura Económica,
Date of publication, distribution, etc. 2009.
300 ## - PHYSICAL DESCRIPTION
Extent 225 páginas :
Other physical details ilustraciones a blanco y negro ;
Dimensions 21 cm.
490 0# - SERIES STATEMENT
Series statement Tezontle
500 ## - GENERAL NOTE
General note Incluye índice analítico páginas 217-225.
504 ## - BIBLIOGRAPHY, ETC. NOTE
Bibliography, etc. note Incluye bibliografía páginas 201-216.
505 0# - FORMATTED CONTENTS NOTE
Formatted contents note Cuasas -- Consecuencias
520 0# - SUMMARY, ETC.
Summary, etc. Este libro reúne los trabajos escritos y publicados por los dos autores durante los tres años previos a la crisis, o si se quiere, durante su periodo de incubación; son, pues, trabajos que profundizan tiempo presente en los elementos.
534 ## - ORIGINAL VERSION NOTE
Introductory phrase The great financial crisis. Causes and consequences
546 ## - LANGUAGE NOTE
Language note Traducido del inglés
650 14 - SUBJECT ADDED ENTRY--TOPICAL TERM
Topical term or geographic name entry element Crisis financiera
9 (RLIN) 5832
650 24 - SUBJECT ADDED ENTRY--TOPICAL TERM
Topical term or geographic name entry element Deuda Monopolios
9 (RLIN) 6438
650 24 - SUBJECT ADDED ENTRY--TOPICAL TERM
Topical term or geographic name entry element Capitalismo
9 (RLIN) 6439
700 1# - ADDED ENTRY--PERSONAL NAME
Personal name Magdoff, Fred,
Relator term autor
9 (RLIN) 6440
700 1# - ADDED ENTRY--PERSONAL NAME
Personal name Ekaiser, Ernesto,
Relator term prólogo
9 (RLIN) 6441
700 1# - ADDED ENTRY--PERSONAL NAME
Personal name Renau, Asunción,
Relator term traductora
9 (RLIN) 6442
942 ## - ADDED ENTRY ELEMENTS (KOHA)
Source of classification or shelving scheme Dewey Decimal Classification
Koha item type Books
Existencias
Withdrawn status Lost status Source of classification or shelving scheme Materials specified (bound volume or other part) Damaged status Not for loan Home library Current library Shelving location Date acquired Source of acquisition Cost, normal purchase price Total Checkouts Full call number Barcode Date last seen Copy number Price effective from Koha item type
    Dewey Decimal Classification Donación--15/04/2019--     Biblioteca Pública José María del Castillo y Rada Biblioteca Pública José María del Castillo y Rada General Stacks 11/28/2019 Donación 0.00   330.9 / B244g 430002063 05/16/2024 Ej.1 11/28/2019 Books